书目信息 |
| 题名: |
扬琴入门
|
|
| 作者: | 邱怀生 编著 | |
| 分册: | ||
| 出版信息: | 北京 中国社会出版社 1999 |
|
| 页数: | 118页 | |
| 开本: | 26cm | |
| 丛书名: | 音乐基础系列丛书 | |
| 单 册: | ||
| 中图分类: | J632.51 | |
| 科图分类: | ||
| 主题词: | 扬琴--奏法--基础知识 , 民族乐器--奏法 | |
| 电子资源: | ||
| ISBN: | 7-80088-967-X | |
| 000 | 00646nam0 2200229 45 | |
| 001 | 0206171049 | |
| 005 | 20031219104056.5 | |
| 010 | @a7-80088-967-X@dCNY12.00 | |
| 100 | @a20020617d1999 km y0chiy0120 ea | |
| 101 | 0 | @achi |
| 105 | @ag z 000yy | |
| 200 | 1 | @a扬琴入门@AYang Qin Ru Men@f邱怀生编著@FQiu Huai Sheng Bian Zhu |
| 210 | @a北京@c中国社会出版社@d1999 | |
| 215 | @a118页@d26cm | |
| 225 | @a音乐基础系列丛书 | |
| 410 | @12001 @a音乐基础系列丛书 | |
| 606 | 0 | @a扬琴@x奏法@x基础知识 |
| 606 | 0 | @a民族乐器@x奏法 |
| 690 | @aJ632.51@v4 | |
| 701 | 0 | @a邱怀生@4编著 |
| 801 | @aCN@bTSTC@c20020617 | |
| 905 | @b311986-988@dJ632.51@e28@f3 | |
| 扬琴入门/邱怀生编著.-北京:中国社会出版社,1999 |
| 118页;26cm.-(音乐基础系列丛书) |
| ISBN 7-80088-967-X:CNY12.00 |
| ● |
| 相关链接 |
|
|
|
|
正题名:扬琴入门
索取号:J632.51/28
 
预约/预借
| 序号 | 登录号 | 条形码 | 馆藏地/架位号 | 状态 | 备注 |
| 1 | 0311986 | 203119865 | 第一借阅区/ [索取号:J632.51/28] | 在馆 | |
| 2 | 0311987 | 203119874 | 第一借阅区/ [索取号:J632.51/28] | 在馆 | |
| 3 | 0311988 | 203119883 | 第一样本阅览室/ [索取号:J632.51/28] | 在馆 |